Statistics for Demon Slayer Advanced Knowledge Quiz (MANGA SPOILERS)

Click here to take the quiz!

General Stats

  • This quiz has been taken 682 times
  • The average score is 13 of 23

Answer Stats

HintAnswer% Correct
How many Hashira survive to the end of the manga3
99%
How many water breathing forms does Tanjiro use10
95%
Upper Moon 2Douma
92%
How old is Nezuko at the beginning of the story12
88%
How many total Hinokami Kagura forms are there13
84%
How many demons are 'fought' in total during the Mugen Train Arc4
84%
What type of breathing does Inosuke useBeast Breathing
84%
Which Hashira passed Final selection without killing a single demonGiyu Tomioka
75%
Upper Moon 4Hantengu
62%
Name of Tanjiro's fatherTanjuro Kamado
60%
Full name of Kyojuro Rengoku's fatherShinjuro Rengoku
48%
Name of Tanjiro's swordsmithHotaru Haganezuka
47%
Gyomei's surnameHimejima
46%
Name of the demon with 6 armsSusamaru
45%
What period of Japan is the Demon Slayer story set inTaisho Period
44%
Which character accompanies Kyojuro in the Kyojuro Rengoku GaidenMitsuri Kanroji
36%
Name of Tanjiros youngest siblingRokuta Kamado
36%
Name of the demon who fights alongside the demon aboveYahaba
36%
Name of the first Demon Slayer game (Kimetsu no yaiba: ?)Hinokami Chronicles
29%
Name of Akaza as a humanHakuji
28%
Author of Demon Slayer, Kimetsu no YaibaKoyoharu Gotouge
26%
Name of Inosuke's motherKotoha Hashibira
24%
Who was Akaza engaged toKoyuki
24%

Score Distribution

Percentile by Number Answered

Percent of People with Each Score

Your Score History

You have not taken this quiz